MDQL
is popping MORE tags! Check the
thread
!
Quizzes
Events
Quiz Creation
Community
Videos
Private Events
Remove Ads
Sign In
Join for FREE
Feedback
Dark Mode
Quiz Categories
Sports
Geography
Music
Movies
Television
Just For Fun
Miscellaneous
History
Literature
Language
Science
Gaming
Entertainment
Religion
Holiday
For Kids
Quiz Lab
Recent
Popular Today
Quiz Kudos Today
Editor Picks
Curator Picks
Quizzes by...
Day
Popularity
Type
Ratings
Length
Year
Community
Subscriptions
Recent Discussions
Orange Saloon
Badges
Playlists
Quests
Create
Leaderboards
Showdown
Live 5
Trivia Bingo
Activity
Puzzle Library
Sporcle Events
Private Events
Virtual Trivia
Globe League
Become a Host
Pub Owners
SporcleCon
Opinionation
Our Games
Videos
Blog
Mobile Apps
Partnerships
Remove Ads and Go Orange
Feedback
Sports
Athletes
MLB
NBA
NHL
NFL
Soccer
Sports Teams
WWE
NCAA
Football
Premier League
Basketball
Baseball
Hockey
Golf
Tennis
Cricket
Rugby
Auto Racing
Olympics
World Cup
Sports
Athletes
MLB
NBA
NHL
NFL
Soccer
Sports Teams
WWE
NCAA
Football
Premier League
Basketball
Baseball
Hockey
Golf
Tennis
Cricket
Rugby
Auto Racing
Olympics
World Cup
Random Quiz
Search Sporcle
×
Quiz Lab
Quiz Lab
Sports
WWE
Type in answers that appear in a list
Type in answers that appear in a list
Classic
Best Score? Go Orange.
WWE Finishing Moves 2017 Stats
Can you name each wrestler by their finishing move?
By
LeicchaTiger2
5m
50 Questions
1,493 Plays
1,493 Plays
1,493 Plays
Comments
Comments
Give Quiz Kudos
Give Quiz Kudos
-
- Ratings
hide this ad
Forced Order
Answers have to be entered in order
Answers have to be entered in order
Random Order
Randomize order of answers
Randomize order of answers
Replay
Link that replays current quiz
Next Quiz
Link to next quiz in quiz playlist
You Got
0%
They Got
Avg Score
64%
Avg Friend Score
Upgrade to see
Score Distribution
Jump to the score distribution portion of the page
Score
0/50
Timer
05:00
0
Plays Today
Finisher
Matches
% Correct
RKO
Randy Orton
80.4%
Styles Clash
AJ Styles
79.5%
Attitude Adjustment
John Cena
79.3%
Bayley to Belly
Bayley
79.1%
F5
Brock Lesnar
78.7%
Chokeslam
Kane & Big Show
78.7%
Zig-
Zag
Dolph Ziggler
78.5%
Skull-
Crushing Finale
The Miz
78.3%
Sister Abigail
Bray Wyatt
78.3%
Spear
Roman Reigns & Goldberg
77.9%
Dirty Deeds
Dean Ambrose
77.9%
Asuka Lock
Asuka
77.6%
Twisted Bliss
Alexa Bliss
77.4%
Brogue Kick
Sheamus
76.9%
Swanton Bomb
Jeff Hardy & Aiden English
76.7%
Twist of Fate
The Hardy Boyz
75.5%
Bank Statement
Sasha Banks
75.5%
Codebreaker
Chris Jericho
75.5%
Pop-
Up Powerbomb
Kevin Owens
74.8%
Coup De Grace
Finn Bálor
74.2%
End of Days
Baron Corbin
73.6%
Helluva Kick
Sami Zayn
72.9%
Glorious DDT
Bobby Roode
72.4%
Kinshasa
Shinsuke Nakamura
70%
Coquina Clutch
Samoa Joe
69.4%
Finisher
Matches
% Correct
Dis-
Arm-
Her
Becky Lynch
68.5%
Sharpshooter
Natalya
67.7%
Salida Del Sol
Kalisto
67.1%
Neutraliser
Cesaro
67%
Tye Breaker
Tye Dillinger
66.9%
Running Powerslam
Braun Strowman
65.8%
Natural Selection
Charlotte Flair
63.8%
The Accolade
Rusev
63.7%
Rear View
Naomi
60.4%
Discus Clothesline
Luke Harper
59.1%
Rack Attack #2
Nikki Bella
58.3%
Khallas
Jinder Mahal
58.1%
Black Mass
Aleister Black
55.5%
Eclipse
Ember Moon
55.3%
Midnight Hour
The New Day
53.5%
GTS
Hideo Itami
52.8%
Claymore
Drew McIntyre
49.6%
Bada-
Boom Shaka Laka
Enzo & Cass
49.6%
Phoenix Splash
Rich Swann & Seth Rollins
45.9%
Rings of Saturn
Neville
45.5%
Grand Amplitude
American Alpha
43.2%
Fall of Man
The Ascension
34.5%
Last Chancery
Austin Aries
34.1%
Youngblood
Eric Young
26%
Kneebar
TJP
25.4%
Quiz Playlist
Details
Report
Send in Message
Add To Playlist
Classic:
Type in answers that appear in a list
Forced Order:
Answers have to be entered in order
Random Order:
Randomize order of answers
Last Updated: Mar 2, 2018
Quiz Scoreboard
CHALLENGE
Sign Up to Join the Scoreboard
Show All
Scores
Hide
Comments
May contain spoilers
Recently Published
Colored Red Africa Blitz
by spor1
Geography
30s
Find the 'City' Movie
by crazypaving
Movies
60s
5x2 Blitz: Bands
by SL_Kpop136
Music
30s
More to Explore
Quiz From the Vault
Featured Blog Post
14 Easter Pick-up Lines to Find Eggs With
hide this ad
You Might Also Like...
Tags
WWE Quiz
Finisher
Finishing Moves
Pro Wrestling
Wrestling
WWF Finishing
Today's Top Quizzes in Sports
Browse Sports
hide this ad
Today's Top Quizzes in WWE
Browse WWE
Top Contributed Quizzes in Sports
1
Players with Multiple 50 Home Run Seasons
2
Who Needs Fielders?
3
Criteria MLB: Left Handed Sluggers
4
MLB Players with Two .350 Batting Average Seasons
5
Who Hit More Homers?
6
2020 F1 Drivers Logic Puzzle
7
NBA Teammate Connections
8
Premier League Clubs since 2000 (minefield)
9
MLB Teams by First Game
10
Top 10 NHL Goal Scorers of All Time
Explore More
Trending Topics
NBA
Disney
Kpop
Crossword
Anime
Harry Potter
Marvel
Pokémon
NFL
The Office
Soccer
WWE
Country
Song
Puzzle
hide this ad
More By:
LeicchaTiger2
Quiz
Plays
Rating
Category
Featured
Created
Longest WrestleMania Matches
34,427
4.81
Sports
Mar 16, 2016
30 Years of WWE PPV Main Events
24,669
4.64
Sports
Feb 14, 2016
Shortest WrestleMania Matches
24,053
3.98
Sports
Mar 16, 2016
Every Wrestler at NXT TakeOver
20,390
4.78
Sports
Aug 23, 2016
Women at WWE SummerSlam
15,121
4.67
Sports
Oct 18, 2016
Go to Creator's Profile
Score Distribution
Quiz Creator Spotlight
LeicchaTiger2
Follow
Send a Message
Quizzes Created
-
Created Quiz Play Count
-
More By This Creator
Popular Quizzes Today
1
5x2 Blitz: Bands
2
Find the 'City' Movie
3
Find the US States - No Outlines Minefield
4
Colored Red Africa Blitz
5
The Countries of the World
6
Find the US States
7
9x9 Crossword: Cartoon Network
8
Risky Map Clicking: Biggest States A-Z
More Sports Quizzes
NHL Hall of Fame Jersey Numbers Divisible by 11
Curator's Pick
Trending Quizzes
Colored Red Africa Blitz II
Colored Red Europe Blitz I
Find the 'Dark' Movie
Find the 'Day' Movie
Find the 'Good' Movie
Recently Updated
Champions League XIs: Real Madrid
pecheneg
Largest US Cities 1790-2010
pecheneg
Rides in Walt Disney World
pecheneg
Most Oscar Losses (Acting)
pecheneg
Beyoncé Albums
pecheneg
Leaping Animals
pecheneg
Reality TV Shows (A-Z)
bhenderson79
Rickey Henderson's Hall of Fame Teammates
pecheneg
Champions League XIs: Arsenal
pecheneg
Quick Pick: Celebrities in WWE's Hall of Fame
aduchscher
Trending Topics
Harry Potter
Crossword
Disney
NBA
Kpop
Marvel
Anime
WWE
Pokémon
NFL
Puzzle
Soccer
Song
The Office
Country
Your Account Isn't Verified!
In order to create a playlist on Sporcle, you need to verify the email address you used during registration. Go to your
Sporcle Settings
to finish the process.
Report this User
Report this user for behavior that violates our
Community Guidelines
.
Details:
Send Report
Go to the Sporcle.com Mobile Site →
Comments